|
|
|
|
| LEADER |
00000nam a2200000 i 4500 |
| 001 |
DIGEPUJ0430 |
| 003 |
NyNyDIG |
| 007 |
cr ||||||||||| |
| 008 |
240112s2023 ck ob 000 0 spa d |
| 006 |
m o d |
| 035 |
|
|
|a (OCoLC)1415894940
|
| 040 |
|
|
|a DGITA
|b eng
|e rda
|e pn
|c DGITA
|
| 020 |
|
|
|a 9789585000902
|q (digital)
|
| 020 |
|
|
|z 9789585000896
|q (impreso)
|
| 024 |
7 |
|
|a 10.12804/urosario9789585000919
|2 doi
|
| 043 |
|
|
|a s-ck---
|
| 050 |
1 |
4 |
|a Z523.3 ebook
|
| 100 |
1 |
|
|a Pérez Álvarez, Sergio,
|d 1983-
|e author.
|
| 245 |
1 |
0 |
|a Cultura editorial literaria en Colombia :
|b una historia de editores y editoriales en el siglo XX /
|c Sergio Pérez Alvarez.
|
| 250 |
|
|
|a Primera edición.
|
| 264 |
|
1 |
|a Bogotá, D.C. :
|b Editorial Pontificia Universidad Javeriana :
|b Editorial Universidad del Rosario ;
|a Ciudad de México :
|b Universidad Autónoma Metropolitana,
|c [2023]
|
| 300 |
|
|
|a 1 online resource.
|
| 336 |
|
|
|a text
|b txt
|2 rdacontent
|
| 337 |
|
|
|a computer
|b c
|2 rdamedia
|
| 338 |
|
|
|a online resource
|b cr
|2 rdacarrier
|
| 347 |
|
|
|a text file
|2 rdaft
|
| 347 |
|
|
|b EPUB
|
| 490 |
1 |
|
|a Biblioteca Latinoamericana de culturas del libro
|
| 504 |
|
|
|a Includes bibliographical references.
|
| 588 |
0 |
|
|a Online resource; title from ePub title page (Digitalia, viewed January 12, 2024)
|
| 650 |
|
0 |
|a Publishers and publishing
|z Colombia
|x History
|y 20th century.
|
| 650 |
|
0 |
|a Book industries and trade
|z Colombia
|x History
|y 20th century.
|
| 791 |
2 |
|
|a Digitalia (Firm),
|e distributor.
|
| 793 |
0 |
|
|g Digitalia eBook Collection:
|a Pontificia Universidad Javeriana
|
| 776 |
0 |
8 |
|i Print version:
|a Pérez Álvarez, Sergio, 1983-
|t Cultura editorial literaria en Colombia.
|b Primera edición.
|d Bogotá, D.C. : Editorial Pontificia Universidad Javeriana : Editorial Universidad del Rosario ; Ciudad de México : Universidad Autónoma Metropolitana, [2023]
|z 9789585000896
|
| 830 |
|
0 |
|a Biblioteca Latinoamericana de culturas del libro ;
|v 3.
|
| 856 |
4 |
0 |
|3 Digitalia Hispánica
|u https://www.digitaliapublishing.com/a/133210/
|
| 910 |
|
|
|a Premium collection: 2024
|